Sự phát triển nhận thức về nền kinh tế thị trường định hướng xã hội chủ nghĩa ở Việt Nam

Trình bày tiền đề lý luận và thực tiễn hình thành nhận thức về nền kinh tế thị trường định hướng XHCN ở Việt Nam. Quá trình phát triển nhận thức về nền kinh tế thị trường định hướng XHCN ở nước ta

Đã lưu trong:
Sonraí Bibleagrafaíochta
Údair Eile: Đặng Hoàng Thanh Nga, Trần Hoa Phượng, Nguyễn Văn Hậu, Phạm Quốc Trung (ch.b.), Phạm Thị Tuý (ch.b.)
Formáid: Leabhar
Teanga:Vietnamese
Foilsithe: H. Chính trị Quốc gia 2013
Ábhair:
Clibeanna: Cuir Clib Leis
Gan Chlibeanna, Bí ar an gcéad duine leis an taifead seo a chlibeáil!
Thư viện lưu trữ: Mạng thư viện Đại học Đà Nẵng
LEADER 01848aam a22004338a 4500
001 000022982
003 19431
005 20150521140556.0
008 150521s2013 viesd
020 |c 25000đ  |d 530b 
041 0 |a vie 
082 0 4 |2 23  |a 330.12609597  |b Sưp 
245 0 0 |a Sự phát triển nhận thức về nền kinh tế thị trường định hướng xã hội chủ nghĩa ở Việt Nam  |c Phạm Quốc Trung, Phạm Thị Tuý (ch.b.), Nguyễn Văn Hậu... 
260 |a H.  |b Chính trị Quốc gia  |c 2013 
300 |a 158 tr.  |c 19 cm. 
504 |a Thư mục: tr. 153-158 
520 |a Trình bày tiền đề lý luận và thực tiễn hình thành nhận thức về nền kinh tế thị trường định hướng XHCN ở Việt Nam. Quá trình phát triển nhận thức về nền kinh tế thị trường định hướng XHCN ở nước ta 
650 7 |2 Bộ TK TVQG 
650 0 4 |2 Bộ TK TVQG  |a Kinh tế thị trường  |x Định hướng XHCN  |z Việt Nam 
650 7 |2 Bộ TK TVQG 
651 7 |2 Bộ TK TVQG  |a Việt Nam 
653 |a Định hướng XHCN 
653 |a Phát triển 
653 |a Kinh tế thị trường 
700 1 |a Đặng Hoàng Thanh Nga 
700 1 |a Trần Hoa Phượng 
700 1 |a Nguyễn Văn Hậu 
700 1 |a Phạm Quốc Trung  |e ch.b. 
700 1 |a Phạm Thị Tuý  |e ch.b. 
OWN |a LSP 
AVA |a UDN50  |b LSP  |d 330.12609597 Sưp  |e available  |t Error 5001 Not defined in file expand_doc_bib_avail.  |f 5  |g 0  |h N  |i 0  |k 1 
999 |a From the UDN01 
AVA |a UDN50  |b LSP  |d 330.12609597 Sưp  |e available  |t Error 5001 Not defined in file expand_doc_bib_avail.  |f 5  |g 0  |h N  |i 0  |k 1 
TYP |a Monograph 
TYP |a Printed language 
980 |a Mạng thư viện Đại học Đà Nẵng